| 000 | 01309nam a2200337 a 4500 | ||
|---|---|---|---|
| 001 | ebr10218282 | ||
| 003 | CaPaEBR | ||
| 006 | m u | ||
| 007 | cr cn||||||||| | ||
| 008 | 050325s2005 caua sb 001 0 eng | ||
| 010 | _z 2005924792 | ||
| 020 | _z9781847878212 | ||
| 020 | _z1412910374 | ||
| 020 | _z1412910382 | ||
| 040 |
_aCaPaEBR _cCaPaEBR |
||
| 035 | _a(OCoLC)648356537 | ||
| 043 | _ae-uk--- | ||
| 050 | 1 | 4 |
_aLC4599.G7 _bD48 2005eb |
| 082 | 0 | 4 |
_a371.91/60941 _222 |
| 245 | 0 | 0 |
_aDeveloping school provision for children with dyspraxia _h[electronic resource] : _ba practical guide / _cedited by Nichola Jones. |
| 260 |
_aThousand Oaks, CA : _bPCP/SAGE Publications, _c2005. |
||
| 300 |
_aviii, 133 p. : _bill. |
||
| 504 | _aIncludes bibliographical references (p. 123-129) and index. | ||
| 533 |
_aElectronic reproduction. _bPalo Alto, Calif. : _cebrary, _d2013. _nAvailable via World Wide Web. _nAccess may be limited to ebrary affiliated libraries. |
||
| 650 | 0 | _aApraxia. | |
| 650 | 0 |
_aChildren with disabilities _xEducation _zGreat Britain. |
|
| 655 | 7 |
_aElectronic books. _2local |
|
| 700 | 1 | _aJones, Nichola. | |
| 710 | 2 | _aebrary, Inc. | |
| 856 | 4 | 0 |
_uhttp://site.ebrary.com/lib/rucke/Doc?id=10218282 _zAn electronic book accessible through the World Wide Web; click to view |
| 999 |
_c129999 _d129999 |
||